000 00455nam a2200181Ia 4500
001 25171
005 20260414151132.0
008 260414t2013||||xx |||||||||||||| ||spa||
041 _aESP
082 _a346.3
_bA52
100 _aAmado Ramírez, Elizabeth del Pilar
_eAUT
245 0 _aEl derecho de sucesiones en el siglo XXI
_b
260 _c2013
300 _a619 páginas :
_c24 cm.
650 _aDER
654 _aCDE
942 _cLIB
_dJUS
_fJUS
_2ddc
_n
999 _c25171
_d25171